000 00505nam a2200157 i 4500
001 34974
003 ES-MaACL
005 20230906155030.0
007 t|
008 030211s1974 sp ||||1| spa d
100 1 _aBorràs, Maria Lluïsa.
_9146592
245 1 0 _aSert
_b: arquitectura mediterránea /
_c[texto, fotos, selección y secuencia, María Lluisa Borrás].
260 _aBarcelona :
_bPolígrafa,
_c[1974]
300 _a31 p., 226 lám., 3 plan. ;
_c21 cm.
852 _aES-MaACL
_jE-8608
_bR.93111
999 _c34974
_d34974